000 00718nas a2200241 4500
001 BR8006729
003 BR-BrBNA
005 20231205084431.0
007 ta
008 230509b bl.|||p| |||| 00| 00por d
040 _aBR-BrBNA
_bpor
_cBiblioteca Nacional de Agricultura
041 _a(Pt)
072 _aS10
100 1 _aFurtado, M.M.
245 1 _aLeite de bufala; estudo da fabricacao do queijo Azul
650 _aLEITE
650 _aBUFALO
650 _aQUEIJO
650 _aPROPRIEDADE FISICA
773 0 _tRevista do Instituto de Laticinios Candido Tostes (Brazil)
_xISSN 0100-3674
_g(Jan-Feb 1980), v. 35(207) p. 23-28
_wBR8006729
909 _a202311
_bLúcia
_c55
_dLúcia Elande
942 _2AGRIS
_n0
_cANA
999 _c105206
_d105206